00824nam a22002417a 4500003001100000005001700011008004100028040003900069041000800108082001600116100002400132245007400156260008400230300002700314650002500341650003000366650002500396650002900421700001900450942000700469952009100476999001500567LK-CoMWRAF20240203145046.0240117b1992 |||||||| |||| 00| 0 eng d aLK-CoMWRAFdLK-CoMWRAFeLK-CoMWRAF aeng a305.42bOFO aOfosu-Amaah, Waafas aWomen and the environment :b an analytical review of success stories aWashington, DC:b United Nations Environment Programme WorldWide Network,c1992 a 155 p. : ill. ; 26 cm aWomen in development aWomen and the environment aEnvironmental policy aSustainable development. aPhilleo, Wendy cBK 00104070aMAINbMAINd2024-01-17l0o305.42 OFOpRAF4758r2024-01-17w2024-01-17yBK c4637d4637